000 00480nmm a2200169Ia 4500
008 251105s9999||||xx |||||||||||||||||und||
020 _a9788496290297
041 _aspa
100 _aNúñez de Arce, Gaspar
245 0 _aRecuerdos de la campaña de África
264 _a[Madrid, España] :
_bLinkgua,
_c2016
300 _a102 páginas
490 _aHistoria
650 _aHistory of Europe: Spain
856 _uhttps://public.digitaliapublishing.com/a/16710
942 _cCF
999 _c89739
_d89739